000 01574nam0a2200325 4500
001 RU\NLR\BIBL_A\022598936
005 20260420051902.0
010 _a978-5-6052360-0-9
_9250
021 _aRU
_bКН-П-25-035217
_9КН-П-25-3473
035 _a(NLR Aleph) 022598936
090 _a13681067
_c13681067
100 _a20250811d2024 k y0rusy50 ca
101 0 _arus
102 _aRU
105 _aa j 000yy
181 0 _ai3
_baxxe
182 0 _an
200 1 _aСлучайные процессы в радиотехнике и радиолокации
_eучебное пособие
_fБ. М. Вовшин
_gПубличное акционерное общество "Научно-производственное объединение "Алмаз" имени академика А. А. Расплетина" (ПАО "НПО "Алмаз")
203 _aТекст
_bвизуальный
_cнепосредственный
210 _aМосква
_cАлмаз
_d2024
215 _a295 с.
_cил.
_d22
300 _aНа 4-й с. обл. авт.: Вовшин Б. М., д-р техн. наук, проф.
320 _aБиблиогр.: с. 294-295 (27 назв.)
606 1 _aСлучайные сигналы(электросвязь)
_jУчебные издания для высших учебных заведений
_91660878
_3RU\NLR\AUTH\661034536
686 1 _aЗ811.1я73-1
700 1 _aВовшин
_bБ. М.
_gБорис Михайлович
942 _cBOOK
980 _aNB